|
|
|
|
| LEADER |
00000naa a2200000uu 4500 |
| 001 |
vtls011083273 |
| 003 |
SK-MaSNL |
| 005 |
20260302132046.0 |
| 008 |
210905|1995 xo |||||||||||||||||slo| |
| 015 |
|
|
|a SNBRA
|
| 035 |
|
|
|a (urnnbn)urn:nbn:sk:snk:ar-a0ckah
|
| 035 |
|
|
|a (uuid)d1f3ef8a-89e2-4ee4-8237-7ebe741ffb68
|
| 035 |
|
|
|a urn:nbn:sk:snk-aavq8j
|
| 040 |
|
|
|a SNKBUCL
|b slo
|c SNKBUCL
|e AACR2
|
| 041 |
0 |
|
|a slo
|
| 044 |
|
|
|a xo
|c SK
|
| 100 |
1 |
|
|a Paulov, Ján
|4 aut
|9 301667
|
| 245 |
1 |
0 |
|a TEÓRIA KATASTROF - ZÁKLADNÉ ÚVAHY
|c Ján Paulov
|
| 773 |
0 |
|
|t 11. zjazd Slovenskej geografickej spoločnosti
|d Bratislava : Geografický ústav SAV, 1995, 1995
|g S. 191-199
|
| 958 |
|
|
|a OND
|
| 958 |
|
|
|a article12
|
| 958 |
|
|
|a chapter
|
| 999 |
|
|
|c 1311684
|d 1313614
|